000
00342 a2200157 4500
001
58427
020
_a
8576665123
040
_c
Anchieta - Pituba
100
_a
Azevedo, Álvares de
240
1
0
_a
Lira dos Vinte Anos
_l
por
245
1
0
_a
Lira dos Vinte Anos
300
_a
221
362
0
_a
2006
650
4
_a
Poesia brasileira
942
_c
BK
999
_c
58427
_d
58427